| 000 | 00784 a2200229 4500 | ||
|---|---|---|---|
| 003 | NUST | ||
| 005 | 20221227134355.0 | ||
| 010 | _a 80083102 | ||
| 020 | _a0316984930 (pbk.) | ||
| 040 | _cNust | ||
| 082 | 0 | 0 | _a355.02,ZIE |
| 100 | 1 |
_aZiegler, David W. _937796 |
|
| 245 | 1 | 0 |
_aWar, peace, and international politics / _cDavid W. Ziegler. |
| 250 | _a2d ed. | ||
| 260 |
_aBoston : _bLittle, Brown, _cc1981. |
||
| 300 |
_axvii, 446 p. : _bmaps ; _c23 cm. |
||
| 505 | _aPart-1: Causes of War: Historical Cases and Hypotheses (Page-5), Part-2: Approaches to Peace (Page-125), Part-3: Sources of Conflict in the Contemporary World (Page-335). | ||
| 650 | 0 | _aInternational relations. | |
| 650 | 0 |
_aPeace. _92018 |
|
| 650 | 0 | _aWar (International law) | |
| 942 |
_2ddc _cBK _k355.02,ZIE |
||
| 999 |
_c193952 _d193952 |
||